000 00897cam a2200241 4500
008 090401t1992 xxu||||| |||| 00| 0 eng d
020 _a0115511032
035 _a(Sirsi) u39742
041 _aeng
050 _a711.73
110 _aStanding Advisory Committee on Trunk Road Assessment
_92361
245 _aAssessing the environmental impact of road schemes.
260 _aLondon
_bHMSO
_c1992
300 _aviii,148p. ; 30cm.
350 _a15
520 _aReviews assessment methods used by the Department of Transport, examines current practices including techniques for valuing the environment and makes a number of recommendations.
650 _aENVIRONMENTAL IMPACT ASSESSMENTS
650 _aPROPERTY-INFRASTRUCTURE-TRANSPORT INFRASTRUCTURE-ROAD INFRASTRUCTURE
690 _aTRANSPORT AND COMMUNICATIONS
700 _aWood, D.A.
_xChairman
942 _n0
948 _c04/03/1997
999 _c90835
_d90835